Normal view
MARC view
Entry Personal Name
001 - CONTROL NUMBER
- control field: 5219
003 - CONTROL NUMBER IDENTIFIER
- control field: OSt
005 - DATE AND TIME OF LATEST TRANSACTION
- control field: 20150610175707.0
008 - FIXED-LENGTH DATA ELEMENTS
- fixed length control field: 150610|| aca||aabn | a|a d
040 ## - CATALOGING SOURCE
- Original cataloging agency: OSt
- Transcribing agency: OSt
100 ## - HEADING--PERSONAL NAME
- Personal name: Zastrow, Charles.
670 ## - SOURCE DATA FOUND
- Source citation: Work cat.: (OSt)2000: Zastrow, Charles., Understanding human behavior and the social environment /, c2001.
